| 000 | 00935cab a2200253 4500 | ||
|---|---|---|---|
| 001 | WB3221-32 | ||
| 008 | 090401t1996 xxu||||| |||| 00| 0 eng d | ||
| 035 | _a(Sirsi) u13953 | ||
| 041 | _aeng | ||
| 245 | _aNew landlord must heed notice | ||
| 260 | _c1996 | ||
| 350 | _a0 | ||
| 490 |
_aTimes _v27 May 1996, 33(1) |
||
| 520 | _a"Kay-Green and others v Twinsectra Ltd" CA 15 May 1996. A new landlord has to give effect to a purchase notice served by the tenants where the previous landlord disposed of the property without offering the tenants first refusal. | ||
| 650 | _aPROPERTY-PROPERTY ACQUISITION AND DISPOSAL | ||
| 650 | _aKAY-GREEN AND OTHERS V TWINSECTRA LTD | ||
| 650 | _aLANDLORD AND TENANT ACT 1987 S12 | ||
| 650 | _aPURCHASE NOTICE | ||
| 650 | _aREVERSIONARY INTEREST | ||
| 650 | _aRIGHT OF FIRST REFUSAL | ||
| 690 | _aLANDLORD AND TENANT-CASE LAW-RESIDENTIAL TENANCIES | ||
| 942 | _n0 | ||
| 948 | _c04/03/1997 | ||
| 999 |
_c9022 _d9022 |
||